Statistics for Zenith Lyrics-Ghost

Click here to take the quiz!

General Stats

  • This quiz has been taken 61 times
    (58 since last reset)
  • The average score is 163 of 175

Answer Stats

Answer% Correct
a
100%
A
100%
and
100%
be
100%
by
100%
eternity
100%
fades
100%
for
100%
free
100%
into
100%
Now
100%
of
100%
set
100%
so
100%
So
100%
the
100%
to
100%
you
100%
your
100%
you're
100%
zenith
100%
always
97%
come
97%
Come
97%
conquered
97%
counted
97%
fall
97%
gone
97%
illusion
97%
on
97%
soon
97%
stars
97%
Time
97%
turn
97%
unleashed
97%
We
97%
we
97%
will
97%
perpetual
94%
bringer
90%
cling
90%
clockwork
90%
Deciphered
90%
god
90%
help
90%
light
90%
night
90%
strong
90%
Winds
90%
captured
87%
Deluded
87%
Devoured
87%
genesis
87%
magic
87%
Right
87%
rise
87%
shadows
87%
vision
87%
wisdom
87%
wrong
87%
ignited
81%
rapture
81%
Saecula
81%
Saeculorum
81%
truth
81%
this
77%
farce
74%
sooth
74%
enacted
71%
Yeah
55%
murderous
45%

Score Distribution

Percentile by Number Answered

Percent of People with Each Score

Your Score History

You have not taken this quiz since the last reset